Представление документа в формате MARC21

Поле Инд. ПП Название Значение
Тип записи a
Библиографический уровень b
001 Контрольный номер d4e213f63842465c99f42578287d28dd
005 Дата корректировки 20241213164609.4
024 80 a Стандартный номер 10.31857/S0367676524010081
040 a Служба первич. каталог. РИНЦ
b Код языка каталог. rus
041 0_ a Код языка текста rus
097 a Садовникова Л.В.
100 1_ a Автор Халяпин В. А.
100 1_ a Автор Бугай А. Н.
c Титул (звания) доктор физико-математических наук; профессор (должность)
i Z2021_04
k Кафедра биофизики; Факультет естественных и инженерных наук
q Полное имя Бугай Александр Николаевич
u Дополнение Бугай А. Н.
245 10 a Заглавие О влиянии вынужденного комбинационного саморассеяния на динамику импульсов в градиентном волноводе
773 18 t Название источника Известия Российской академии наук. Серия физическая
b Сведения об издании Наука
c Москва
d Место и дата издания 2024
m Специф. данные входит в Белый список; входит в ядро РИНЦ; журнал из перечня ВАК; входит в базу данных RSCI;ненулевой импакт-фактор
n Примечание Bulletin of the Russian Academy of Sciences: Physics
p Известия РАН. Серия физическая
q У3 Белый список
o Прочие индексы РИНЦ 0,470
x ISSN 0367-6765
g Прочая информация Т. 88. - № 1. - С. 43 - 47
w Контрольный № источника f26af4e0e31449569478db5013e47103
856 40 u URL https://elibrary.ru/item.asp?id=69186383
901 t Тип документа b
952 c Вид литературы статья в журнале